Столицы Северной Америки - Statistics

General Stats
  • This quiz has been taken 35 times
  • The average score is 12 of 23
Answer Stats
Страна Столица % Correct
Канада Оттава
100%
США Вашингтон
89%
Мексика Мехико
89%
Панама Панама
67%
Белиз Бельмопан
67%
Куба Гавана
67%
Сальвадор Сан-Сальвадор
56%
Ямайка Кингстон
56%
Доминиканская Республика Санто-Доминго
56%
Гондурас Тегусигальпа
56%
Гватемала Гватемала
56%
Никарагуа Манагуа
44%
Гренада Сент-Джорджес
44%
Багамские Острова Нассау
44%
Коста-Рика Сан-Хосе
44%
Тринидад и Тобаго Порт-оф-Спейн
44%
Гаити Порт-о-Пренс
44%
Доминика Розо
44%
Барбадос Бриджтаун
44%
Сент-Люсия Кастри
33%
Антигуа и Барбуда Сент-Джонс
33%
Сент-Винсент и Гренадины Кингстаун
33%
Сент-Киттс и Невис Бастер
33%
No matching quizzes found
Score Distribution
Percent of People with Each Score
Percentile by Number Answered
Your Score History
You have not taken this quiz